000 01947nam2a22002891 4500
001 RU\NLR\INFOCOMM29\5000122714
005 20250617132954.0
035 _a(NLR Aleph) 002632072
090 _a3710031
_c3710031
100 _a20050215d1958 |||y0rusy50 ca
101 0 _arus
102 _aRU
105 _ay ||||000|y
200 1 _aЭлектрический исполнительный механизм ИМ пропорционального действия
_fВ.И. Литвак, А.Я. Шапиро
210 _d1958
_aБ. м.
225 1 _aТема 42. Системы и аппаратура для автоматического и телемеханического управления и регулирования
_v№16
423 0 _12001#$aЭлектронные сигнализаторы ЭС-1000 и ЭС-1001$fА.И. Буров
_1700#1$aБуров$bА.И.
_tЭлектронные сигнализаторы ЭС-1000 и ЭС-1001
_aБуров, А.И.
461 0 _1001RU\NLR\INFOCOMM29\5000122211
_12001#$aПередовой научно-технический и производственный опыт$iПриборы для научных исследований$fГос. Науч.-техн. ком. Совета министров РСФСР. Центр. ин-т техн. экон. информации$v1958, №П-58-136
_93998407
_cМ.
_d1958-
_fГос. Науч.-техн. ком. Совета министров РСФСР. Центр. ин-т техн. экон. информации
_iПриборы для научных исследований
_tПередовой научно-технический и производственный опыт
_v1958, №П-58-136
700 1 _aЛитвак
_bВ.И.
_4070
701 1 _aШапиро
_bА.Я.
_4070
801 1 _aRU
_bInfoComm
_c20050215
801 0 _aRU
_bNLR
_gPSBO
852 _aNLR
_jП11/1555
942 _cISSUE
980 _aNB
980 _aRUSPER